00497nam a2200181 a 4500001001300000003000900013005001700022008004100039020002300080082001800103100001800121245006400139260004000203300000900243500003500252505001000287650001800297nice12345678IN_TiNIC20260116014516.0090916s2009 dela grp 000 0 eng  a818735822X c62500a341.7588bLOF aLofgren, Hans aPolitics and Culture of Globalisationb India and Australia aDelhi bSocial Science Press c2009 a352p aincludes index and biblioraphy2 aindex aGlobalization